Materials and Devices for Stretchable Electronic Nerve Interfaces.

Bibliographic Details
Main Author: Lienemann, Samuel Lukas.
Format: eBook
Language:English
Published: Linköping : Linkopings Universitet, 2022.
Subjects:
Online Access:Click to View
LEADER 01416nam a22003253i 4500
001 EBC7076552
003 MiAaPQ
005 20231204023226.0
006 m o d |
007 cr cnu||||||||
008 231204s2022 xx o ||||0 eng d
020 |a 9789179293659  |q (electronic bk.) 
035 |a (MiAaPQ)EBC7076552 
035 |a (Au-PeEL)EBL7076552 
035 |a (OCoLC)1343248219 
040 |a MiAaPQ  |b eng  |e rda  |e pn  |c MiAaPQ  |d MiAaPQ 
100 1 |a Lienemann, Samuel Lukas. 
245 1 0 |a Materials and Devices for Stretchable Electronic Nerve Interfaces. 
264 1 |a Linköping :  |b Linkopings Universitet,  |c 2022. 
264 4 |c {copy}2022. 
300 |a 1 online resource (116 pages) 
336 |a text  |b txt  |2 rdacontent 
337 |a computer  |b c  |2 rdamedia 
338 |a online resource  |b cr  |2 rdacarrier 
588 |a Description based on publisher supplied metadata and other sources. 
590 |a Electronic reproduction. Ann Arbor, Michigan : ProQuest Ebook Central, 2023. Available via World Wide Web. Access may be limited to ProQuest Ebook Central affiliated libraries.  
655 4 |a Electronic books. 
776 0 8 |i Print version:  |a Lienemann, Samuel Lukas  |t Materials and Devices for Stretchable Electronic Nerve Interfaces  |d Linköping : Linkopings Universitet,c2022 
797 2 |a ProQuest (Firm) 
856 4 0 |u https://ebookcentral.proquest.com/lib/matrademy/detail.action?docID=7076552  |z Click to View